Wicked Characters by Picture - Statistics

General Stats
  • This quiz has been taken 281 times
  • The average score is 8 of 11
Answer Stats
Picture Answer % Correct
Galinda
100%
Elphaba
99%
The Wizard
89%
Fiyero
86%
Nessarose
86%
Boq
83%
Madame Morrible
77%
Dr. Dillamond
65%
Chistery
37%
Pfannee
32%
ShenShen
28%
No matching quizzes found
Score Distribution
Percent of People with Each Score
Percentile by Number Answered
Your Score History
You have not taken this quiz